[Event "Titled Tuesday intern op 20th Aug Early"]
[Site "Chess.com INT"]
[Date "2024.08.20"]
[Round "10"]
[White "Baladjaev, Gara"]
[Black "Murthy, Pappu LN"]
[Result "1-0"]
[WhiteElo "2404"]
[BlackElo "1838"]
[PlyCount "43"]
[EventDate "2024.08.20"]
[EventType "swiss (blitz)"]
[EventRounds "11"]
[EventCountry "USA"]
[SourceTitle "EXT 2025"]
[Source "ChessBase"]
[SourceDate "2024.10.14"]
[SourceVersion "1"]
[SourceVersionDate "2024.10.14"]
[SourceQuality "1"]

1. d4 d5 2. c4 e6 3. Nf3 Nf6 4. g3 Be7 5. Bg2 0-0 6. 0-0 dxc4 7. Qc2 a6 8. Qxc4 b5 9. Qc2 Bb7 10. Nc3 Nc6 11. Bf4 Nxd4 12. Nxd4 Bxg2 13. Nxe6 fxe6 14. Kxg2 Nd5 15. Nxd5 exd5 16. Qxc7 Qxc7 17. Bxc7 Rac8 18. Rac1 Bg5 19. f4 Bf6 20. b3 d4 21. Bb6 Rfe8 22. Kf2 1-0

[Event "Titled Tuesday intern op 20th Aug Early"]
[Site "Chess.com INT"]
[Date "2024.08.20"]
[Round "3"]
[White "Malikova, Marjona"]
[Black "Murthy, Pappu LN"]
[Result "1-0"]
[WhiteElo "2083"]
[BlackElo "1838"]
[PlyCount "93"]
[EventDate "2024.08.20"]
[EventType "swiss (blitz)"]
[EventRounds "11"]
[EventCountry "USA"]
[SourceTitle "EXT 2025"]
[Source "ChessBase"]
[SourceDate "2024.10.14"]
[SourceVersion "1"]
[SourceVersionDate "2024.10.14"]
[SourceQuality "1"]

1. d4 d5 2. c4 e6 3. Nc3 Nf6 4. cxd5 exd5 5. Bg5 c6 6. e3 h6 7. Bh4 Be7 8. Qc2 0-0 9. Bd3 Ne8 10. Bxe7 Qxe7 11. Nge2 Bg4 12. 0-0 Bxe2 13. Nxe2 Nd6 14. Ng3 Na6 15. a3 Nc7 16. Rae1 a5 17. f3 Ne6 18. Qf2 Rae8 19. e4 dxe4 20. fxe4 Qd7 21. Bb1 Nc4 22. Nf5 b5 23. Rd1 Ng5 24. Rfe1 Qe6 25. h4 Nh7 26. Qg3 Qg6 27. Qf4 Nf6 28. e5 Qg4 29. Qf2 Nd5 30. Re4 Qh5 31. g4 Qg6 32. Kh1 Re6 33. Rg1 Kh8 34. Re2 a4 35. Ne7 Nxe7 36. Bxg6 Nxg6 37. h5 Ne7 38. g5 Nd5 39. gxh6 Rxh6 40. Qh4 Nce3 41. Rg3 Nf5 42. Qg5 Nxg3+ 43. Qxg3 Rxh5+ 44. Kg1 g6 45. Rh2 Rxh2 46. Qxh2+ Kg7 47. Qh4 1-0

[Event "Titled Tuesday intern op 20th Aug Early"]
[Site "Chess.com INT"]
[Date "2024.08.20"]
[Round "6"]
[White "Murthy, Pappu LN"]
[Black "Aranda, Juan Manuel"]
[Result "0-1"]
[WhiteElo "1838"]
[BlackElo "2135"]
[PlyCount "74"]
[EventDate "2024.08.20"]
[EventType "swiss (blitz)"]
[EventRounds "11"]
[EventCountry "USA"]
[SourceTitle "EXT 2025"]
[Source "ChessBase"]
[SourceDate "2024.10.14"]
[SourceVersion "1"]
[SourceVersionDate "2024.10.14"]
[SourceQuality "1"]

1. e4 d6 2. d4 Nf6 3. Nc3 g6 4. f4 Bg7 5. Nf3 Bg4 6. h3 Bxf3 7. Qxf3 c6 8. Bd3 0-0 9. 0-0 e5 10. dxe5 dxe5 11. f5 Nbd7 12. Bg5 Qb6+ 13. Kh2 Qxb2 14. Ne2 b5 15. Ng3 Nc5 16. h4 h5 17. Bxf6 Bxf6 18. Nxh5 gxh5 19. Qxh5 Nxd3 20. cxd3 Qd2 21. Rf3 Rfd8 22. Rg3+ Kf8 23. Rd1 Qf4 24. Kh3 Ke7 25. Rg4 Qe3+ 26. Rg3 Qf4 27. Rg4 Rh8 28. Qxh8 Rxh8 29. Rxf4 exf4 30. g3 fxg3 31. Kxg3 Bxh4+ 32. Kf3 Bf6 33. Rc1 Kd6 34. Rc2 Rh3+ 35. Kg4 Rxd3 36. Kh5 c5 37. Rb2 a6 0-1

[Event "Titled Tuesday intern op 13th Aug Early"]
[Site "Chess.com INT"]
[Date "2024.08.13"]
[Round "9"]
[White "Murthy, Pappu LN"]
[Black "Sabar, Ethmane Daouda"]
[Result "0-1"]
[WhiteElo "1838"]
[BlackElo "2040"]
[PlyCount "94"]
[EventDate "2024.08.13"]
[EventType "swiss (blitz)"]
[EventRounds "11"]
[EventCountry "USA"]
[SourceTitle "EXT 2025"]
[Source "ChessBase"]
[SourceDate "2024.10.14"]
[SourceVersion "1"]
[SourceVersionDate "2024.10.14"]
[SourceQuality "1"]

1. e4 c5 2. Nf3 Nc6 3. d4 cxd4 4. Nxd4 e5 5. Nb5 a6 6. Nd6+ Bxd6 7. Qxd6 Qf6 8. Qd1 Qg6 9. Nc3 Nge7 10. g3 d5 11. Bg2 d4 12. Nd5 0-0 13. Nxe7+ Nxe7 14. 0-0 f5 15. exf5 Bxf5 16. Bxb7 Rad8 17. Bg2 Bxc2 18. Qe2 Bd3 19. Qxe5 Bxf1 20. Bxf1 Qf6 21. Qxf6 gxf6 22. Bxa6 Ng6 23. Bh6 Rfe8 24. Bc4+ Kh8 25. h4 d3 26. b3 Ne5 27. Rd1 Nxc4 28. bxc4 Re2 29. Rd2 Rxd2 30. Bxd2 Ra8 31. Bc3 Kg7 32. Kf1 Rxa2 33. Ke1 Rc2 34. Ba5 Rxc4 35. Kd2 Rd4 36. Bb6 Rd6 37. Be3 h5 38. f3 f5 39. g4 fxg4 40. fxg4 hxg4 41. Bf4 Rd5 42. Bg5 Kg6 43. Bf4 Kf5 44. Be3 Ke4 45. Bh6 g3 46. Be3 g2 47. Bg1 Rh5 0-1